Подробности
| 000 -МАРКЕР |
| контрольное поле |
02129nam0a2200421 4500 |
| 001 - ИДЕНТИФИКАТОР ЗАПИСИ |
| контрольное поле |
RU\NLR\bibl\1297261 |
| 005 - ИДЕНТИФИКАТОР ВЕРСИИ |
| контрольное поле |
20260406071840.0 |
| 010 ## - МЕЖДУНАРОДНЫЙ СТАНДАРТНЫЙ НОМЕР КНИГИ (ISBN) |
| Номер (ISBN) |
978-5-88086-742-4 |
| Тираж |
400 |
| 021 ## - НОМЕР ГОСУДАРСТВЕННОЙ РЕГИСТРАЦИИ |
| Код страны |
российская федерация |
| Номер |
2008-79786 |
| Номер Листа государственной регистраци |
4633 |
| 035 ## - ДРУГИЕ СИСТЕМНЫЕ НОМЕРА |
| Идентификатор записи |
(nilc)EL/0000213348 |
| 035 ## - ДРУГИЕ СИСТЕМНЫЕ НОМЕРА |
| Идентификатор записи |
RU/Архангельская ОНБ/DOLIB/100974 |
| 035 ## - ДРУГИЕ СИСТЕМНЫЕ НОМЕРА |
| Идентификатор записи |
(NLR Aleph) 001282878 |
| 100 ## - ДАННЫЕ ОБЩЕЙ ОБРАБОТКИ |
| Данные общей обработки |
20080910d2008 |||y0rusy50 ca |
| 101 0# - ЯЗЫК РЕСУРСА |
| Язык текста, звукозаписи и т.д. |
русский |
| 102 ## - СТРАНА ПУБЛИКАЦИИ ИЛИ ПРОИЗВОДСТВА |
| Страна публикации |
российская федерация |
| 105 ## - ПОЛЕ КОДИРОВАННЫХ ДАННЫХ: ТЕКСТОВЫЕ МАТЕРИАЛЫ, МОНОГРАФИЧЕСКИЕ |
| Кодированные данные о монографическом текстовом документе |
a ||||||||| |
| 200 1# - ЗАГЛАВИЕ И СВЕДЕНИЯ ОБ ОТВЕТСТВЕННОСТИ |
| Основное заглавие |
Земля и небо Бориса Шергина |
| Параллельное заглавие |
Boris Shergin's the world and the sky |
| Первые сведения об ответственности |
Елена Галимова |
| Последующие сведения об ответственности |
[рис. Б. В. Шергина] |
| -- |
Федер. агентство по образованию, Гос. образоват. учреждение высш. проф. образования "Помор. гос. ун-т им. М. В. Ломоносова" |
| Язык параллельного заглавия |
английский |
| 210 ## - ПУБЛИКАЦИЯ, РАСПРОСТРАНЕНИЕ И ДР. |
| Место издания, распространения и т.д. |
Архангельск |
| Имя издателя, распространителя и т. д. |
Поморский университет |
| Дата издания, распространения и т.д. |
2008 |
| 215 ## - ФИЗИЧЕСКАЯ ХАРАКТЕРИСТИКА |
| Специфическое обозначение материала и объем |
219, [3] с. |
| Другие сведения о физической характеристике |
ил. |
| Размеры |
17 |
| 300 ## - ОБЩИЕ ПРИМЕЧАНИЯ |
| Текст примечания |
Авт. также на англ. яз.: Elena Galimova |
| 300 ## - ОБЩИЕ ПРИМЕЧАНИЯ |
| Текст примечания |
Рез. на англ. яз. |
| 320 ## - ПРИМЕЧАНИЯ О НАЛИЧИИ В ДОКУМЕНТЕ БИБЛИОГРАФИИ / УКАЗАТЕЛЯ |
| Текст примечания |
Библиогр. в примеч. в конце ст. |
| 510 0# - ПАРАЛЛЕЛЬНОЕ ЗАГЛАВИЕ |
| Связь между полями |
z11790 |
| Параллельное заглавие |
Boris Shergin's the world and the sky |
| Язык заглавия |
английский |
| 600 #1 - ИМЯ ЛИЦА КАК ПРЕДМЕТ |
| Начальный элемент ввода |
Шергин |
| Часть имени, кроме начального элемента ввода |
Б.В. |
| Даты |
1896 - 1973 |
| Расширение инициалов личного имени |
Борис Викторович |
| Системный номер авторитетной/нормативной записи |
1582154 |
| Идентификатор авторитетной/нормативной записи |
RU\NLR\auth\66993594 |
| 686 ## - ИНДЕКСЫ ДРУГИХ КЛАССИФИКАЦИЙ |
| Индекс |
83.3(2Рос=Рус)6-8Шергин2 |
| Издание |
LBC/PL |
| Код системы |
|
| 686 ## - ИНДЕКСЫ ДРУГИХ КЛАССИФИКАЦИЙ |
| Индекс |
Ш5(2=Р)7-4Шергин |
| 700 #1 - ИМЯ ЛИЦА - ПЕРВИЧНАЯ ОТВЕТСТВЕННОСТЬ |
| Код отношения |
Автор |
| Материалы, к которым относится поле |
rus |
| Графика поля |
Кириллица |
| Начальный элемент ввода |
Галимова |
| Часть имени, кроме начального элемента ввода |
Е. Ш. |
| Расширение инициалов личного имени |
Елена Шамильевна |
| Идентификатор авторитетной/нормативной записи |
RU\NLR\auth\7773000 |
| Системный номер авторитетной/нормативной записи |
55928 |
| 702 #1 - ИМЯ ЛИЦА - ВТОРИЧНАЯ ОТВЕТСТВЕННОСТЬ |
| Код отношения |
Прочие |
| Материалы, к которым относится поле |
rus |
| Графика поля |
Кириллица |
| Начальный элемент ввода |
Шергин |
| Часть имени, кроме начального элемента ввода |
Б.В. |
| Даты |
1896-1973 |
| Расширение инициалов личного имени |
Борис Викторович |
| Идентификатор авторитетной/нормативной записи |
RU\NLR\auth\7716844 |
| Системный номер авторитетной/нормативной записи |
126477 |
| 790 #1 - ИМЯ ЛИЦА - АЛЬТЕРНАТИВНАЯ ФОРМА |
| Код отношения |
Автор |
| Материалы, к которым относится поле |
rus |
| Графика поля |
Латинская |
| Начальный элемент ввода |
Galimova |
| Часть имени, кроме начального элемента ввода |
E. Š. |
| Расширение инициалов личного имени |
Elena Šamil'evna |
| Идентификатор авторитетной/нормативной записи |
RU\NLR\auth\7773002 |
| Системный номер авторитетной/нормативной записи |
55930 |
| 801 #0 - ИСТОЧНИК ЗАПИСИ |
| Страна |
российская федерация |
| Организация |
Архангельская ОНБ |
| Дата составления |
20080910 |
| Правила каталогизации |
PSBO |
| 801 #1 - ИСТОЧНИК ЗАПИСИ |
| Страна |
российская федерация |
| Организация |
Архангельская ОНБ |
| Дата составления |
20080910 |
| Правила каталогизации |
PSBO |
| 801 #2 - ИСТОЧНИК ЗАПИСИ |
| Страна |
российская федерация |
| Организация |
Архангельская ОНБ |
| Дата составления |
20080910 |
| Правила каталогизации |
PSBO |
| 801 #2 - ИСТОЧНИК ЗАПИСИ |
| Страна |
российская федерация |
| Организация |
NLR |
| Дата составления |
20081121 |
| Правила каталогизации |
rcr |
| 942 ## - ДОПОЛНИТЕЛЬНЫЕ ЭЛЕМЕНТЫ ЗАПИСИ (АБИС) |
| Тип экземпляра АБИС |
Книга |
| 980 ## - КОЛЛЕКЦИЯ |
| Название коллекции |
Национальная библиография |
| 980 ## - КОЛЛЕКЦИЯ |
| Название коллекции |
НБР |